000 00994nam a22002417a 4500
003 PE SENCICO BE
005 20251020182646.0
008 231108b |||||||| |||| 00| 0 eng d
040 _aPE SENCICO BE
_cPE SENCICO BE
041 _aspa
084 _aI
_aRED
_a2018
_bP45
100 1 _91761
_aPerez Ramirez, Luis Ivan
_eautor
245 1 _aLimpieza de colectores con máquinas de balde /
_cLuis Ivan Perez Ramirez
260 _aLima :
_c2018
300 _a49 h. :
_bil. col., tabls. ;
_c30 cm.
502 _aMonografía de Titulación.-- Servicio Nacional de Capacitación para la Industria de la Construcción. Escuela Superior Técnica. Carrera Profesional Técnica en Redes de Agua Potable y Agua Residual, 2018
650 1 0 _9498
_aMáquinas hidráulicas
650 2 0 _955
_aSaneamiento
650 2 0 _91755
_aAlcantarillado
710 1 _aServicio Nacional de Capacitación para la Industria de la Construcción.
_bEscuela Superior Técnica
_91065
910 _bhfp
_chfp
942 _cMON
999 _c4421
_d4421